| 000 | 00000nam 2200000za 4500 |
| 001 | 9.842551 |
| 003 | CaOODSP |
| 005 | 20240207095648 |
| 007 | cr ||||||||||| |
| 008 | 170828s2016 qucab ob f000 0 fre d |
| 020 | |z978-0-660-21689-8 |
| 040 | |aCaOODSP|bfre |
| 043 | |an-cn-nk |
| 086 | 1 |aCW66-567/2016F-PDF|zCW66-367/2015F-PDF |
| 245 | 10|aPlan de gestion de la Réserve nationale de faune du ruisseau-Portobello |h[ressource électronique]. |
| 260 | |aGatineau, Qué. : |bEnvironnement et changement climatique Canada, |cc2016. |
| 300 | |avi, 52 p. : |bcartes (certaines en coul.), ill. en coul. |
| 500 | |aPubl. aussi en anglais sous le titre : Portobello Creek National Wildlife Area management plan. |
| 500 | |aTitre de la couv. |
| 500 | |aPlan de gestion a été élaboré par Colin M. MacKinnon; élaboré ou révisé par Kevin Davidson, Al Hanson et Andrew Kennedy. Cf. Remerciements, verso de la couv. |
| 500 | |aLe n° de catalogue (CW66-367/2015F-PDF) et l’ISBN (978-0-660-21689-8) imprimés dans cette publication sont incorrects. |
| 504 | |aComprend des références bibliographiques (p. 44-46). |
| 692 | 07|2gccst|aAire de conservation |
| 692 | 07|2gccst|aGestion de l'environnement |
| 700 | 1 |aMacKinnon, Colin Mark,|d1959- |
| 710 | 2 |aService canadien de la faune. |bRégion de l'Atlantique. |
| 710 | 1 |aCanada. |bEnvironnement et changement climatique Canada. |
| 775 | 08|tPortobello Creek National Wildlife Area management plan |w(CaOODSP)9.842550 |
| 856 | 40|qPDF|s5.14 Mo|uhttps://publications.gc.ca/collections/collection_2017/eccc/CW66-567-2016-fra.pdf |